|
|
|
|
| LEADER |
00796nam a2200217 a 4500 |
| 001 |
GR-MES1086 |
| 008 |
991111s1995 gr 000 b eng d |
| 020 |
|
|
|a 0471950815
|
| 040 |
|
|
|a GrPaTEI
|b gre
|c GR-PaULI
|
| 245 |
0 |
0 |
|a Store wars :
|b The battle for mindspace and shelfspace.
|
| 260 |
|
|
|a Chichester :
|b John Wiley,
|c 1995
|
| 300 |
|
|
|a 305σελ :
|b πιν. σχημ.
|
| 650 |
|
4 |
|a ΑΓΑΘΑ
|
| 650 |
|
4 |
|a ΚΑΤΑΝΑΛΩΤΙΚΑ
|
| 650 |
|
4 |
|a ΜΑΡΚΕΤΙΓΚ
|
| 700 |
1 |
|
|a Corstjens, J.
|
| 700 |
1 |
|
|a Corstjens, M.
|
| 942 |
|
|
|2 ddc
|
| 952 |
|
|
|0 0
|1 0
|2 ddc
|4 0
|6 658_800000000000000_COR
|7 0
|9 264948
|a MSLG
|b MSLG
|c BSC
|d 2021-01-17
|e 24
|f 0
|g 0.00
|l 0
|o 658.8 COR
|p 2420000010728
|r 2021-01-17 00:00:00
|t 1
|w 2021-01-17
|y BK15
|x 19991111 0 1
|x GrPaTEI
|
| 971 |
|
|
|a .b25721288
|b 15-04-20
|c 13-09-16
|
| 999 |
|
|
|c 152364
|d 152364
|